• 首页
  • 本馆介绍
  • 公告通知
  • 最新文献
  • 馆藏检索
  • 电子资源
  • 读者导购
  • 参考咨询
  • 我的图书馆
  • 登录
  • 详细信息显示
  • 放入我的书架
  • 预约/预借图书
  • 作者相关作品
  • 分类相关作品
  • 丛书相关作品
  • 出版社相关作品

书目信息

  • 表格格式
  • 工作单格式
  • 卡片格式
题名:
文字上的中国-歇后语
    
 
作者: 《国学典藏》丛书编委会编著
分册:  
出版信息: 北京   中国铁道出版社  2018
页数: 364页
开本: 24cm
丛书名: 《国学典藏》丛书
单 册:
中图分类: H12-49 , H136.31
科图分类:
主题词: 汉字--通俗读物 , 汉语--歇后语--通俗读物
电子资源:
ISBN: 978-7-113-23403-4
000 00988oam2 2200253 450
001 7234
005 20180605112228.34
010    @a978-7-113-23403-4@dCNY45.00
100    @a20180315d2018 em y0chiy50 ea
101 0  @achi
102    @aCN@b110000
105    @aa z 000yy
200 1  @a文字上的中国-歇后语@Awen zi shang de zhong guo-xie hou yu@9wen zi shang de zhong guo@f《国学典藏》丛书编委会编著
210    @a北京@c中国铁道出版社@d2018
215    @a364页@c图@d24cm
225 1  @a《国学典藏》丛书
330    @a歇后语是中华文明中不可忽视的瑰宝。它是汉语俗语中的一个特殊种类,是一种短小、风趣、形象的语句,产生并传播于民间,具有多样性、灵活性、口语化和性格化的特点。本书以故事的形式讲述了歇后语的由来,具有趣味性;同时点出了歇后语要表达的思想内容,具有教育意义。
461  0 @12001 @a《国学典藏》丛书
606 0  @a汉字@j通俗读物
606 0  @a汉语@x歇后语@j通俗读物
690    @aH12-49@v5
690    @aH136.31@v5
801  0 @aCN@b91MARC@c20180315
905    @aMuseLib@dH12-49@e189
    
    文字上的中国-歇后语/《国学典藏》丛书编委会编著.-北京:中国铁道出版社,2018
    364页:图;24cm.-(《国学典藏》丛书)
    
    
    ISBN 978-7-113-23403-4:CNY45.00
    歇后语是中华文明中不可忽视的瑰宝。它是汉语俗语中的一个特殊种类,是一种短小、风趣、形象的语句,产生并传播于民间,具有多样性、灵活性、口语化和性格化的特点。本书以故事的形式讲述了歇后语的由来,具有趣味性;同时点出了歇后语要表达的思想内容,具有教育意义。
●
相关链接 在E读中查询图书 在五车中查询图书 在当当中查询图书 在豆瓣中查询图书


正题名:文字上的中国-歇后语     索取号:H12-49/189         预约/预借

序号 登录号 条形码 馆藏地/架位号 状态 备注
1 1117001   211170016   第二样本阅览室/ [索取号:H12-49/189] 在馆    
2 1117002   211170025   教育系资料室/ [索取号:H12-49/189] 在馆    
3 1117003   211170034   教育系资料室/ [索取号:H12-49/189] 在馆    
4 1117004   211170043   第四借阅区/ [索取号:H12-49/189] 在馆    
唐山师范学院图书馆 欢迎您!
大连网信软件有限公司© 版权所有